000
00297nam a2200109Ia 4500
008
220204s9999 xx 000 0 und d
082
_a
325.3(540)
_b
BIP
100
_a
Bipan Chandra
245
0
_a
Nationalism and colonialism in Modern India
260
_a
New delhi
_b
Orient Longman
_c
1979
942
_c
BK
999
_c
34132
_d
34132